=LDR 00000nam 2200000 4500 =001 INLIS000000000039894 =005 20130612145507 =008 ***********************************Ind** =035 ##$$0010-061300000039894 =041 ##$$a Ind =082 ##$$a 813 =090 ##$$a 813, Sur e.3 =100 ##$$a Suryakusuma,Rina =245 ##$$a Lukisan Keempat, Rina Suryakusuma =260 ##$$a 2011 $b Jakarta =300 ##$$a 224 hlm, 18 cm =700 ##$$a Novera Krisnawati =850 ##$$a NBPNMAT